00896nam a22002417a 4500003000500000005001700005008004100022010001000063011001000073035001100083040000900094100003500103245018500138260004000323300003100363502009300394530003600487650001600523650001000539650002800549650001300577856006400590CHAP20220329143444.0091019s2009 mx r 00010 spa d a96902 a97874 a108546 cCHAP1 aRobledo Esqueda, Martha Nayeli10aInducción de defensa en papa (Solanum tuberosum L.) por fungicidas no específicos contra el oomiceto Phytophthora infestans (Mont.) De Bary.c/por Martha Nayeli Robledo Esqueda aChapingo, Méx. :bEl autor,c2009 a85 h. :bcuadros, gráfs. aTesis(M. C. en Protección Vegetal) -- UACH. Departamento de Parasitología Agrícola aTambién disponible en línea14aFungicidas.14aPapa.14aPhytophthora infestans.14aSolanum. 3Finding aiduhttp://10.13.5.2/tesis/108546.pdfzTeclea aqui